| 000 | 01023cam a22002533a 4500 | ||
|---|---|---|---|
| 001 | 9942 | ||
| 003 | PGUSA | ||
| 005 | 20140828083218.0 | ||
| 008 | 060201s2006||||xxu|||||s|||||000 | eng d | ||
| 040 |
_aPGUSA _beng |
||
| 042 | _adc | ||
| 050 | 4 | _aQA | |
| 100 | 1 |
_aMacfarlane, Alexander, _d1851-1913 |
|
| 245 | 1 | 0 |
_aLectures on Ten British Mathematicians of the Nineteenth Century _h[electronic resource] / _cAlexander Macfarlane |
| 260 |
_bProject Gutenberg, _c2006 |
||
| 505 | 0 | _aGeorge Peacock -- Augustus De Morgan -- Sir William Rowan Hamilton -- George Boole -- Arthur Cayley -- William Kingdon Clifford -- Henry John Stephen Smith -- James Joseph Sylvester -- Thomas Penyngton Kirkman -- Isaac Todhunter. | |
| 506 | _aPublic domain in the USA. | ||
| 516 | _aElectronic text | ||
| 653 | _aMathematics -- Great Britain -- History -- 19th century | ||
| 653 | _aMathematicians -- Great Britain -- Biography | ||
| 830 | 0 |
_aProject Gutenberg _v9942 |
|
| 856 | 4 | 0 | _uhttp://www.gutenberg.org/ebooks/9942 |
| 942 | _cEB | ||
| 999 |
_c239198 _d239198 |
||